00470nam a2200145Ia 4500008004100000020001800041041000800059082001800067100005300085245007800138250000600216260006200222300001000284650003000294210716s2017 xx 000 0 und d a9789352602117 aeng a658.3154 LEWR aLewicki, Roy J; Saunders, David M; Barry, Bruce. aNegotiation: readings exercises and cases.bReadings exercises and cases. a6 aChennaibTata McGraw Hill Education Private Limitedc2017 ax,708 aHuman Resource Management